| 000 | 00390cam a2200145ua 4500 | ||
|---|---|---|---|
| 041 |
_aeng _h |
||
| 082 |
_a920 _bCOB/NO |
||
| 100 | _aCoburn, Kathleen . | ||
| 245 | 0 | 0 |
_aNotebooks of Samuel Taylor Coleridge, Vol 1 / _cKathleen Coburn. _hTextual Documents |
| 260 |
_aLondon : _bRoutledge & Kegan Paul Ltd , _c1957. |
||
| 300 | _a615 ; . | ||
| 504 | _a | ||
| 942 | _cBK | ||
| 999 |
_c6269 _d6269 |
||